| 000 | 00557nam a2200169 i 4500 | ||
|---|---|---|---|
| 001 | 72370 | ||
| 003 | ES-MaACL | ||
| 005 | 20230906171423.0 | ||
| 007 | t| | ||
| 008 | 040831s1920 sp ||||1| cat d | ||
| 100 | 1 |
_aGiral d'Arquer, Eugenio. _957185 |
|
| 245 | 1 | 4 |
_aLes cases a bon preu / _cEugeni Giral d'Arquer, Albert Carbó Pompido. |
| 260 |
_aBarcelona : _bSocietat Económica Barcdelonesa d'Amics del Pais, _c1920 ( _fAltés) |
||
| 300 |
_a55 p., 7 lám. ; _c21 cm. |
||
| 700 | 1 |
_aCarbó Pompido, Albert. _935025 |
|
| 852 |
_aES-MaACL _jC-28133 _bR.57276 |
||
| 999 |
_c72370 _d72370 |
||